|
|
|
|
| LEADER |
00616cam a2200169 7i4500 |
| 001 |
0000033348 |
| 005 |
20230126090000.0 |
| 020 |
# |
# |
|a 9784805311370
|
| 040 |
# |
# |
|a MATR
|
| 100 |
0 |
# |
|a Chavouet, Florent
|e author
|
| 245 |
0 |
0 |
|a Tokyo on foot :
|b travels in the city's most colorful neighborhoods
|c Florent Chavouet.
|
| 264 |
# |
0 |
|a Tokyo:
|b Tuttle Publishing,
|c 2011.
|
| 300 |
# |
# |
|a 206 pages:
|b illustrations;
|c 26 cm.
|
| 650 |
# |
0 |
|a City and town life --
|z Japan --
|z Tokyo.
|
| 650 |
# |
0 |
|a Neighborhoods --
|z Japan --
|z Tokyo
|
| 650 |
# |
0 |
|a Walking --
|z Japan --
|z Tokyo
|
| 999 |
|
|
|a B000037596
|b Book
|c Countries
|e Business Information Centre
|